| Поле | Название | Значение |
| |
Тип записи |
a |
| |
Библиографический уровень |
m |
| 001 |
Контрольный номер |
0166736 |
| 005 |
Дата корректировки |
20230705112636.4 |
| 041 |
Код языка издания |
0_ |
| a |
Код языка текста |
rus |
| 084 |
Индекс другой классификации/Индекс ББК |
__ |
| a |
Индекс другой классификации/Индекс ББК |
Ф 61(2)262.2,012 |
| 090 |
Шифры |
__ |
| a |
Полочн. индекс |
335.5кп |
| x |
Авторский знак |
С 76 |
| 100 |
Автор |
_1 |
| a |
Автор |
Сталин Иосиф Виссарионович |
| d |
Дата |
1879-1953 |
| 245 |
Заглавие |
__ |
| a |
Заглавие |
Выступление по радио Председателя Государственного комитета обороны И. В. Сталина 3 июля 1941 года |
| 260 |
Выходные данные |
__ |
| a |
Место издания |
Москва |
| b |
Издательство |
ОГИЗ. Госполитиздат |
| c |
Дата издания |
1941 |
| 300 |
Физическое описание |
__ |
| a |
Объем |
14, [2] с. |
| 500 |
Примечания |
__ |
| a |
Примечание |
Экз. 1206-6-72 и 1206-8-72 с экслибрисом: Дар проф. П.П. Смирнова ИАИ |
| 650 |
Тематические рубрики |
__ |
| x |
Основная подрубрика |
Коллекция>Личная б-ка>Смирнов Павел Петрович (1882-1947) |
| 650 |
Тематические рубрики |
__ |
| a |
Основная рубрика |
Политика>Политические партии и организации>Коммунистическая партия>КПСС |
| 650 |
Тематические рубрики |
__ |
| a |
Основная рубрика |
История>Международные отношения.Внешняя политика>Войны>Великая Отечественная война (1941-1945) |
| 650 |
Тематические рубрики |
__ |
| z |
Географическая подрубрика |
Россия>СССР (1922-1991) |
| 650 |
Тематические рубрики |
__ |
| y |
Хронологическая подрубрика |
Новейшее время>20в |
| 901 |
Тип документа |
__ |
| t |
Тип документа |
m |